[Event "EYTCC U12 Open 2019"]
[Site "Pardubice"]
[Date "2019.07.17"]
[Round "7.5"]
[White "Fiszer, Bartosz"]
[Black "Cohen, Elad"]
[Result "1-0"]
[WhiteElo "2124"]
[BlackElo "2002"]
[Annotator "ChessBase"]
[PlyCount "143"]
[EventDate "2019.07.11"]
[EventType "swiss"]
[EventCountry "CZE"]
[SourceTitle "playchess.com"]
[Source "ChessBase"]
[SourceQuality "1"]
[WhiteTeam "Poland"]
[BlackTeam "Israel"]
[WhiteTeamCountry "POL"]
[BlackTeamCountry "ISR"]
[TimeControl "40/5400+30:1800+30"]

1. e4 e5 {[%emt 0:00:00]} 2. Nf3 {[%emt 0:00:00]} Nc6 {[%emt 0:00:00]} 3. Bb5 {[%emt 0:00:00]} Nf6 {[%emt 0:00:08]} 4. d3 {[%emt 0:00:00]} Bc5 {[%emt 0:00:18]} 5. Bxc6 {[%emt 0:00:09]} dxc6 {[%emt 0:00:10]} 6. h3 Be6 {[%emt 0:00:18]} 7. Nc3 {[%emt 0:00:42]} Nd7 {[%emt 0:00:17]} 8. Ng5 {[%emt 0:00:35]} Nf8 {[%emt 0:00:14]} 9. Qh5 {[%emt 0:13:40]} Qf6 {[%emt 0:09:28]} 10. Be3 {[%emt 0:00:51]} Bd6 {[%emt 0:03:06]} 11. O-O-O {[%emt 0:03:27]} O-O-O {[%emt 0:01:43]} 12. g3 {[%emt 0:03:25]} h6 {[%emt 0:06:13]} 13. Nxe6 {[%emt 0:00:46]} Nxe6 {[%emt 0:00:14]} 14. Kb1 {[%emt 0:04:12]} Qg6 {[%emt 0:06:57]} 15. Qg4 {[%emt 0:02:16]} h5 {[%emt 0:07:03]} 16. Qf5 Kb8 {[%emt 0:08:17]} 17. Rdf1 {[%emt 0:05:56]} c5 {[%emt 0:05:17]} 18. g4 {[%emt 0:05:17]} Nd4 {[%emt 0:03:49]} 19. Bxd4 {[%emt 0:01:01]} cxd4 {[%emt 0:00:14]} 20. Ne2 {[%emt 0:01:00]} hxg4 {[%emt 0:10:31]} 21. hxg4 b6 {[%emt 0:03:26]} 22. Ng3 {[%emt 0:01:16]} Qe6 {[%emt 0:05:42]} 23. Nh5 {[%emt 0:06:45]} g6 {[%emt 0:02:35]} 24. Qxe6 {[%emt 0:00:08]} fxe6 {[%emt 0:00:01]} 25. Ng7 {[%emt 0:00:39]} Rxh1 {[%emt 0:02:47]} 26. Rxh1 {[%emt 0:00:12]} Rf8 {[%emt 0:00:29]} 27. a4 {[%emt 0:07:19]} Rxf2 {[%emt 0:08:16]} 28. Rh6 {[%emt 0:01:45]} g5 {[%emt 0:03:37]} 29. Rg6 {[%emt 0:01:24]} Be7 {[%emt 0:03:10]} 30. Nxe6 {[%emt 0:00:31]} Rf6 {[%emt 0:03:56]} 31. Rg8+ {[%emt 0:00:13]} Kb7 {[%emt 0:00:08]} 32. Nxg5 {[%emt 0:00:04]} Rf4 {[%emt 0:00:10]} 33. Ne6 {[%emt 0:06:23]} Rf6 {[%emt 0:00:23]} 34. Nd8+ {[%emt 0:00:28]} Bxd8 {[%emt 0:00:40]} 35. Rxd8 {[%emt 0:00:15]} Rg6 {[%emt 0:00:09]} 36. Re8 {[%emt 0:00:19]} Rg5 {[%emt 0:01:00]} 37. Rf8 {[%emt 0:01:06]} Rxg4 {[%emt 0:01:08]} 38. Rf5 {[%emt 0:00:02]} Rg2 {[%emt 0:02:41]} 39. Rxe5 {[%emt 0:00:27]} Kc8 {[%emt 0:00:35]} 40. b4 {[%emt 0:00:36]} c6 {[%emt 0:01:32]} 41. Re7 {[%emt 0:30:31]} a6 {[%emt 0:30:49]} 42. Kb2 {[%emt 0:00:38]} Rg5 {[%emt 0:01:41]} 43. Kb3 {[%emt 0:01:16]} a5 {[%emt 0:01:17]} 44. bxa5 {[%emt 0:02:37]} Rxa5 {[%emt 0:00:48]} 45. Rf7 {[%emt 0:00:59]} Rh5 {[%emt 0:00:00]} 46. Rf5 {[%emt 0:00:00]} Rh2 {[%emt 0:00:00]} 47. a5 {[%emt 0:00:00]} bxa5 {[%emt 0:00:00]} 48. Rxa5 {[%emt 0:00:00]} Kd7 {[%emt 0:00:00]} 49. Ra2 {[%emt 0:00:00]} c5 {[%emt 0:00:00]} 50. Ra6 {[%emt 0:00:00]} Re2 {[%emt 0:00:00]} 51. c3 {[%emt 0:00:00]} dxc3 {[%emt 0:00:00]} 52. Kxc3 {[%emt 0:00:00]} Re1 {[%emt 0:00:00]} 53. Kd2 {[%emt 0:00:00]} Rh1 {[%emt 0:00:00]} 54. Rg6 {[%emt 0:00:00]} Kc7 {[%emt 0:00:00]} 55. Rg3 {[%emt 0:00:00]} Kd6 {[%emt 0:00:00]} 56. Ke3 {[%emt 0:00:00]} Rh2 {[%emt 0:00:00]} 57. Rg6+ {[%emt 0:00:00]} Kc7 {[%emt 0:00:00]} 58. e5 {[%emt 0:00:00]} Rh3+ {[%emt 0:00:00]} 59. Ke4 {[%emt 0:00:00]} Rh4+ {[%emt 0:00:00]} 60. Kf5 {[%emt 0:00:00]} c4 {[%emt 0:00:00]} 61. dxc4 {[%emt 0:00:00]} Rxc4 {[%emt 0:00:00]} 62. Kf6 {[%emt 0:00:00]} Re4 {[%emt 0:00:06]} 63. e6 {[%emt 0:00:00]} Kd6 {[%emt 0:02:28]} 64. Kf7 {[%emt 0:00:00]} Re1 {[%emt 0:01:16]} 65. Rf6 {[%emt 0:00:00]} Re2 {[%emt 0:01:10]} 66. Rf1 {[%emt 0:00:00]} Rh2 {[%emt 0:00:56]} 67. Rd1+ {[%emt 0:00:00]} Ke5 {[%emt 0:00:11]} 68. e7 {[%emt 0:00:00]} Rf2+ {[%emt 0:00:38]} 69. Kg6 {[%emt 0:00:00]} Rg2+ {[%emt 0:00:58]} 70. Kh5 {[%emt 0:00:00]} Kf5 {[%emt 0:01:36]} 71. Rf1+ {[%emt 0:00:00]} Ke6 {[%emt 0:00:12]} 72. e8=Q+ {[%emt 0:00:00]} 1-0

[Event "EYTCC U12 Open 2019"]
[Site "Pardubice"]
[Date "2019.07.17"]
[Round "7.6"]
[White "Vagman, Roy"]
[Black "Seemann, Jakub"]
[Result "1/2-1/2"]
[WhiteElo "1941"]
[BlackElo "2017"]
[Annotator "NA"]
[PlyCount "118"]
[EventDate "2019.07.11"]
[EventType "swiss"]
[EventCountry "CZE"]
[SourceTitle "playchess.com"]
[Source "ChessBase"]
[SourceQuality "1"]
[WhiteTeam "Israel"]
[BlackTeam "Poland"]
[WhiteTeamCountry "ISR"]
[BlackTeamCountry "POL"]
[TimeControl "40/5400+30:1800+30"]

1. e4 c5 {[%emt 0:00:00]} 2. Nc3 {[%emt 0:00:00]} d6 {[%emt 0:00:00]} 3. d4 {[%emt 0:00:01]} cxd4 {[%emt 0:00:00]} 4. Qxd4 {[%emt 0:00:14]} a6 5. b3 {[%emt 0:01:18]} Nc6 {[%emt 0:01:10]} 6. Qd2 {[%emt 0:00:46]} Nf6 {[%emt 0:00:33]} 7. Bb2 {[%emt 0:00:33]} g6 {[%emt 0:00:38]} 8. O-O-O {[%emt 0:01:29]} Bg7 {[%emt 0:03:02]} 9. Kb1 {[%emt 0:01:25]} O-O {[%emt 0:00:28]} 10. f3 {[%emt 0:01:31]} b5 {[%emt 0:01:29]} 11. g4 {[%emt 0:09:00]} Qa5 {[%emt 0:03:17]} 12. h4 {[%emt 0:06:21]} h5 {[%emt 0:04:19]} 13. g5 {[%emt 0:08:11]} Nd7 {[%emt 0:03:16]} 14. Nge2 {[%emt 0:00:22]} Rb8 {[%emt 0:01:49]} 15. Bg2 {[%emt 0:06:34]} Nc5 {[%emt 0:08:19]} 16. Nd5 {[%emt 0:01:52]} Qxd2 {[%emt 0:03:46]} 17. Rxd2 {[%emt 0:00:10]} Be6 {[%emt 0:02:33]} 18. f4 {[%emt 0:07:03]} Rfc8 {[%emt 0:03:04]} 19. Ng3 {[%emt 0:00:50]} a5 {[%emt 0:02:35]} 20. Bxg7 {[%emt 0:03:38]} Kxg7 {[%emt 0:00:07]} 21. f5 {[%emt 0:03:08]} Bxd5 {[%emt 0:00:14]} 22. exd5 {[%emt 0:00:23]} Ne5 {[%emt 0:00:12]} 23. Rf1 {[%emt 0:09:46]} a4 24. Ne2 axb3 {[%emt 0:06:01]} 25. axb3 {[%emt 0:00:49]} Nc4 {[%emt 0:04:08]} 26. bxc4 {[%emt 0:14:35]} bxc4+ {[%emt 0:00:05]} 27. Kc1 {[%emt 0:04:44]} Nd3+ {[%emt 0:00:11]} 28. Rxd3 {[%emt 0:00:05]} cxd3 {[%emt 0:00:05]} 29. Nd4 {[%emt 0:00:42]} Rc4 {[%emt 0:01:30]} 30. Rf4 {[%emt 0:03:10]} Kh8 {[%emt 0:06:02]} 31. Bf1 {[%emt 0:04:06]} Rbb4 {[%emt 0:06:49]} 32. c3 {[%emt 0:00:47]} Rxc3+ {[%emt 0:00:07]} 33. Kd2 {[%emt 0:00:08]} Rc5 {[%emt 0:00:44]} 34. fxg6 {[%emt 0:01:22]} fxg6 {[%emt 0:00:16]} 35. Rf8+ {[%emt 0:07:46]} Kh7 {[%emt 0:00:05]} 36. Ne6 {[%emt 0:00:59]} Rxd5 {[%emt 0:00:45]} 37. Bxd3 {[%emt 0:01:30]} Rxh4 {[%emt 0:02:41]} 38. Rf7+ {[%emt 0:00:06]} Kg8 {[%emt 0:01:02]} 39. Rg7+ {[%emt 0:00:18]} Kh8 {[%emt 0:00:15]} 40. Rxg6 {[%emt 0:03:02]} Rh3 {[%emt 0:01:29]} 41. Nf4 {[%emt 0:05:12]} Rhxd3+ {[%emt 0:00:12]} 42. Nxd3 {[%emt 0:00:07]} Kh7 {[%emt 0:00:16]} 43. Rh6+ {[%emt 0:02:33]} Kg7 {[%emt 0:00:06]} 44. Rxh5 {[%emt 0:01:10]} Kg6 {[%emt 0:00:18]} 45. Rh6+ {[%emt 0:00:17]} Kg7 {[%emt 0:01:41]} 46. Rh5 {[%emt 0:03:01]} Kg6 {[%emt 0:00:04]} 47. Rh8 {[%emt 0:01:34]} Kxg5 {[%emt 0:00:19]} 48. Ke3 {[%emt 0:01:55]} Rb5 {[%emt 0:00:46]} 49. Ke4 {[%emt 0:00:40]} Kf6 {[%emt 0:01:01]} 50. Rh6+ {[%emt 0:00:31]} Kf7 {[%emt 0:00:08]} 51. Rh7+ {[%emt 0:00:48]} Ke8 {[%emt 0:00:48]} 52. Kd4 {[%emt 0:01:04]} Kd7 {[%emt 0:00:47]} 53. Kc4 {[%emt 0:00:04]} Rg5 {[%emt 0:00:17]} 54. Nb4 {[%emt 0:00:54]} Ke6 {[%emt 0:01:28]} 55. Rh4 {[%emt 0:04:06]} Rc5+ {[%emt 0:00:54]} 56. Kd4 {[%emt 0:00:17]} Rc1 {[%emt 0:00:33]} 57. Re4+ {[%emt 0:00:41]} Kd7 {[%emt 0:00:11]} 58. Nd3 {[%emt 0:01:24]} Rd1 {[%emt 0:00:12]} 59. Rh4 {[%emt 0:00:50]} Ra1 {[%emt 0:00:25]} 1/2-1/2

[Event "EYTCC U12 Open 2019"]
[Site "Pardubice"]
[Date "2019.07.17"]
[Round "7.7"]
[White "Meers, Hubert"]
[Black "Uritsky, Yonathan"]
[Result "1/2-1/2"]
[WhiteElo "2141"]
[BlackElo "2040"]
[Annotator "TA"]
[PlyCount "102"]
[EventDate "2019.07.11"]
[EventType "swiss"]
[EventCountry "CZE"]
[SourceTitle "playchess.com"]
[Source "ChessBase"]
[SourceQuality "1"]
[WhiteTeam "Poland"]
[BlackTeam "Israel"]
[WhiteTeamCountry "POL"]
[BlackTeamCountry "ISR"]

{[%evp 21,102,4,4,11,18,25,35,22,27,0,12,0,-7,-9,0,0,0,0,0,0,0,0,0,0,0,0,0,0,0,0,17,12,39,-3,0,-19,73,78,68,17,14,0,23,12,8,0,0,0,0,0,0,0,0,0,0,0,0,0,0,0,0,0,0,0,0,0,0,0,0,0,0,0,0,0,0,0,0,0,0,0,0,0,0]} 1. e4 c5 2. Nf3 Nc6 3. d4 cxd4 4. Nxd4 Nf6 5. Nc3 e5 6. Ndb5 d6 7. Bg5 a6 8. Na3 b5 9. Bxf6 gxf6 10. Nd5 f5 11. g3 fxe4 12. Bg2 {B33: Sicilian: Pelikan and Sveshnikov Variations} Be6 (12... Bg7 13. Bxe4 Be6 14. Nf6+ Bxf6 15. Bxc6+ Ke7 16. c3 Rc8 17. Bd5 Rc5 18. Bxe6 fxe6 19. Nc2 Qa8 20. O-O Qd5 21. Qe2 Qc4 {½-½ (29) Almasi,Z (2682)-Gledura,B (2622) Hungary 2019}) 13. Bxe4 {[#] Nf6+! is the strong threat.} Rc8 14. c3 {White is slightly better.} Bg7 15. Qh5 Ne7 16. Qg5 Nxd5 17. Qxg7 {[#]} Qf6 $146 ({Predecessor:} 17... Ke7 18. Qg5+ Nf6 19. Bg2 Rg8 {½-½ (20) Olafsson,H (2545)-Soltau,A (2540) Sweden 1994}) 18. Qxf6 Nxf6 19. Bb7 {[%mdl 64] [#] Double Attack} Rb8 20. Bxa6 Bd7 21. c4 b4 22. Nc2 Rb6 23. Bb5 $1 $36 {[%mdl 2048] White has some pressure.} Bxb5 24. cxb5 Rxb5 25. O-O O-O 26. Rad1 d5 27. Rfe1 (27. f4 $5 {[%cal Rf4e5]}) 27... Re8 28. Rd3 e4 (28... Rc8 $11 {remains equal.} 29. a4 bxa3 30. Nxa3 Rxb2 31. Rxe5 Rc6) 29. Rb3 $16 Reb8 30. f3 (30. Rd1 $14) 30... Nd7 31. Nd4 R5b6 32. fxe4 Nc5 {The position is equal.} 33. Rbe3 dxe4 34. Nb3 Nxb3 35. Rxb3 $11 {[%mdl 4096] Endgame KRR-KRR} f5 36. Rf1 Rb5 37. g4 fxg4 38. Rf4 h5 39. Rxe4 Kf7 40. h3 gxh3 41. Kh2 Ra8 42. Rexb4 (42. a3 {seems wilder.} bxa3 43. Rxb5 a2 44. Rf4+ Kg7 45. Rf1) 42... Rxb4 43. Rxb4 Rxa2 44. Kxh3 {KR-KR} Ra1 45. Rb7+ Ke6 46. Rb6+ Kd5 47. Rb5+ Kc4 48. Rxh5 Rh1+ 49. Kg4 Rxh5 50. Kxh5 Kb3 51. Kg4 Kxb2 {Accuracy: White = 71%, Black = 73%.} 1/2-1/2

[Event "EYTCC U12 Open 2019"]
[Site "Pardubice"]
[Date "2019.07.17"]
[Round "7.8"]
[White "Tsirilman, Guy"]
[Black "Klimkowski, Jan"]
[Result "0-1"]
[WhiteElo "1792"]
[BlackElo "1985"]
[Annotator "NA"]
[PlyCount "68"]
[EventDate "2019.07.11"]
[EventType "swiss"]
[EventCountry "CZE"]
[SourceTitle "playchess.com"]
[Source "ChessBase"]
[SourceQuality "1"]
[WhiteTeam "Israel"]
[BlackTeam "Poland"]
[WhiteTeamCountry "ISR"]
[BlackTeamCountry "POL"]
[TimeControl "40/5400+30:1800+30"]

1. e4 {[%emt 0:00:00]} c5 {[%emt 0:00:00]} 2. Nf3 {[%emt 0:00:13]} d6 {[%emt 0:00:00]} 3. d4 {[%emt 0:00:44]} cxd4 {[%emt 0:00:00]} 4. Nxd4 Nf6 {[%emt 0:00:03]} 5. Nc3 {[%emt 0:00:57]} a6 {[%emt 0:00:26]} 6. Be3 {[%emt 0:00:28]} e5 {[%emt 0:00:10]} 7. Nb3 {[%emt 0:01:36]} Be6 {[%emt 0:00:25]} 8. h3 {[%emt 0:02:32]} h5 {[%emt 0:00:51]} 9. f4 {[%emt 0:02:21]} exf4 {[%emt 0:01:46]} 10. Bxf4 {[%emt 0:01:26]} h4 {[%emt 0:04:27]} 11. Qf3 {[%emt 0:03:05]} Nc6 {[%emt 0:03:33]} 12. O-O-O {[%emt 0:04:03]} Nh5 {[%emt 0:07:25]} 13. Bh2 {[%emt 0:04:30]} Qg5+ {[%emt 0:04:41]} 14. Kb1 {[%emt 0:02:20]} Ne5 {[%emt 0:06:40]} 15. Bxe5 {[%emt 0:02:31]} dxe5 16. Na5 {[%emt 0:15:41]} Bb4 {[%emt 0:08:32]} 17. Nc4 {[%emt 0:02:06]} O-O {[%emt 0:05:25]} 18. Nb6 {[%emt 0:05:52]} Rad8 {[%emt 0:09:41]} 19. Bc4 Ng3 20. Rhe1 {[%emt 0:06:13]} Bxc3 {[%emt 0:02:19]} 21. bxc3 {[%emt 0:06:22]} Bxc4 {[%emt 0:06:20]} 22. Nxc4 {[%emt 0:01:01]} Qe7 {[%emt 0:05:03]} 23. Ne3 {[%emt 0:08:04]} Qc5 {[%emt 0:05:52]} 24. Nd5 {[%emt 0:02:12]} f5 {[%emt 0:02:01]} 25. exf5 {[%emt 0:08:56]} e4 {[%emt 0:05:02]} 26. Nf6+ {[%emt 0:01:15]} gxf6 {[%emt 0:00:43]} 27. Qg4+ {[%emt 0:00:13]} Kf7 {[%emt 0:00:53]} 28. Rxd8 {[%emt 0:00:32]} Rxd8 {[%emt 0:04:32]} 29. Qg6+ {[%emt 0:00:22]} Ke7 {[%emt 0:00:12]} 30. Qg7+ {[%emt 0:00:39]} Kd6 {[%emt 0:00:26]} 31. Qxf6+ {[%emt 0:03:14]} Kc7 {[%emt 0:01:23]} 32. Qxh4 {[%emt 0:01:27]} Qxc3 {[%emt 0:00:54]} 33. Qf4+ {[%emt 0:01:54]} Kc8 {[%emt 0:00:59]} 34. Qe3 {[%emt 0:00:23]} Rd1+ {[%emt 0:00:06]} 0-1

[Event "EYTCC U12 Open 2019"]
[Site "Pardubice"]
[Date "2019.07.17"]
[Round "7.9"]
[White "Maurizzi, Marc Andria"]
[Black "Smolik, Jachym"]
[Result "1-0"]
[WhiteElo "2412"]
[BlackElo "1757"]
[Annotator "TA"]
[PlyCount "105"]
[EventDate "2019.07.11"]
[EventType "swiss"]
[EventCountry "CZE"]
[SourceTitle "playchess.com"]
[Source "ChessBase"]
[SourceQuality "1"]
[WhiteTeam "France"]
[BlackTeam "Czech Republic"]
[WhiteTeamCountry "FRA"]
[BlackTeamCountry "CZE"]

{[%evp 16,105,30,34,36,24,53,-2,20,10,13,24,24,14,5,14,38,50,38,57,45,35,35,19,51,34,41,33,70,61,62,55,64,33,56,39,108,84,93,75,74,59,203,202,204,134,175,193,192,187,180,168,225,195,265,260,276,244,466,453,434,448,439,425,393,263,258,259,359,357,371,360,386,382,375,373,366,349,409,380,356,315,588,567,597,589,557,395,1715,858,843,759]} 1. e4 c5 2. Nf3 Nc6 3. Nc3 e6 4. d4 cxd4 5. Nxd4 Qc7 6. Be3 a6 7. a3 b5 8. Nxc6 Qxc6 9. Be2 Bb7 {B49: Sicilian: Taimanov: 5 Nc3 Qc7 6 Be3 a6 7 Be2} 10. O-O (10. Qd2 Be7 11. O-O Bf6 12. Bd4 Qd6 13. Rfd1 Qxd4 14. Qxd4 Bxd4 15. Rxd4 Ne7 16. Rad1 Bc6 17. f3 {0-1 (44) Schroeder,J (2571)-Rapport,R (2726) Germany 2019}) 10... Qc7 11. Bf3 (11. Qd4 $14) 11... Rc8 {The position is equal.} 12. Bd4 e5 $146 ({Predecessor:} 12... d6 13. Re1 e5 14. Be3 Be7 15. Bg4 Rd8 16. a4 b4 17. Nd5 Bxd5 18. exd5 {½-½ (34) Kis Kos,L-Verstreken,A LSS email 2007}) 13. Be3 Bc5 14. Qd2 Bxe3 15. Qxe3 Ne7 16. Qg5 Ng6 17. Rad1 $36 {[%mdl 2048] White is more active.} O-O 18. Rd2 h6 19. Qg4 Bc6 20. Nd1 {[%cal Bc3d1,Bd1e3,Be3d5][%mdl 32]} Nf4 21. Ne3 Kh7 22. g3 Ne6 23. Bg2 g6 24. Rfd1 h5 25. Qe2 Nc5 (25... a5 $14) 26. Nd5 Qd8 27. c3 Nb3 28. Rd3 b4 (28... Nc5 $14) 29. axb4 $18 Bb5 30. Qe1 Bxd3 31. Rxd3 a5 32. Qd1 {[%mdl 1024] White has strong compensation.} a4 33. Ne3 Qb6 (33... Kg7 $142 34. Bf1 (34. Rxd7 Qf6 $16) 34... Rc7) 34. Bf1 ({Don't play} 34. Rxd7 $6 Rcd8 $16) 34... Qb7 (34... d5 $142) 35. Rd5 ({Resist} 35. Rxd7 $6 Rc7 $18) 35... d6 36. Rxd6 {aiming for Ba6.} Nd4 $2 {[#]} (36... Qc7 37. Rd7 Qb8) 37. cxd4 Qxb4 38. dxe5 Qxb2 39. Qxa4 Qxe5 40. Qd4 Qxd4 41. Rxd4 Rce8 42. Kg2 Ra8 43. Bc4 Kg7 44. Rd7 Rad8 45. Rxd8 Rxd8 46. Bd5 Kf6 47. f4 Ke7 48. Nc4 f5 $2 (48... f6 49. Ne3 Rd7) 49. Ne5 {[#] Black must now prevent Nc6+.} Kf6 50. h4 Rc8 51. exf5 Rc2+ $2 (51... gxf5 52. Bf3 Rh8) 52. Kh3 gxf5 53. Bf3 {Accuracy: White = 59%, Black = 40%.} 1-0

[Event "EYTCC U12 Open 2019"]
[Site "Pardubice"]
[Date "2019.07.17"]
[Round "7.10"]
[White "Fizer, Marek"]
[Black "Makkar, Rajat"]
[Result "0-1"]
[WhiteElo "1624"]
[BlackElo "2064"]
[Annotator "NA"]
[PlyCount "62"]
[EventDate "2019.07.11"]
[EventType "swiss"]
[EventCountry "CZE"]
[SourceTitle "playchess.com"]
[Source "ChessBase"]
[SourceQuality "1"]
[WhiteTeam "Czech Republic"]
[BlackTeam "France"]
[WhiteTeamCountry "CZE"]
[BlackTeamCountry "FRA"]
[TimeControl "40/5400+30:1800+30"]

1. e4 e5 {[%emt 0:00:04]} 2. Nf3 {[%emt 0:00:00]} Nc6 3. Bb5 a6 {[%emt 0:00:35]} 4. Ba4 {[%emt 0:01:22]} Nf6 {[%emt 0:00:43]} 5. d3 {[%emt 0:00:38]} d6 {[%emt 0:00:51]} 6. c3 {[%emt 0:00:57]} g6 {[%emt 0:01:04]} 7. O-O {[%emt 0:02:14]} Bg7 {[%emt 0:00:52]} 8. Nbd2 {[%emt 0:01:56]} O-O {[%emt 0:00:35]} 9. Re1 {[%emt 0:05:28]} b5 {[%emt 0:00:23]} 10. Bb3 {[%emt 0:00:45]} Na5 {[%emt 0:04:01]} 11. Bc2 {[%emt 0:00:52]} c5 {[%emt 0:00:51]} 12. Nf1 {[%emt 0:04:57]} Nc6 {[%emt 0:01:09]} 13. a4 {[%emt 0:04:27]} Bb7 {[%emt 0:08:38]} 14. Ne3 Qd7 15. b3 {[%emt 0:12:34]} d5 {[%emt 0:01:29]} 16. exd5 {[%emt 0:03:03]} Nxd5 {[%emt 0:00:12]} 17. Bb2 {[%emt 0:00:39]} Nf4 {[%emt 0:04:59]} 18. c4 b4 19. h3 {[%emt 0:08:16]} Nd4 {[%emt 0:05:50]} 20. Bxd4 {[%emt 0:00:44]} exd4 {[%emt 0:01:39]} 21. Ng4 {[%emt 0:00:39]} Qf5 {[%emt 0:07:41]} 22. Ngh2 {[%emt 0:10:37]} Rae8 {[%emt 0:04:01]} 23. Nh4 Nxh3+ 24. gxh3 {[%emt 0:04:24]} Rxe1+ {[%emt 0:00:40]} 25. Qxe1 {[%emt 0:00:25]} Qg5+ {[%emt 0:00:18]} 26. Ng4 {[%emt 0:00:41]} Qxh4 {[%emt 0:00:12]} 27. Qf1 {[%emt 0:00:37]} h5 {[%emt 0:00:21]} 28. Bd1 {[%emt 0:01:16]} hxg4 {[%emt 0:00:22]} 29. Bxg4 {[%emt 0:00:06]} f5 {[%emt 0:00:21]} 30. Re1 {[%emt 0:00:56]} fxg4 {[%emt 0:00:21]} 31. Re6 {[%emt 0:01:14]} gxh3 0-1

[Event "EYTCC U12 Open 2019"]
[Site "Pardubice"]
[Date "2019.07.17"]
[Round "7.11"]
[White "Mekhane, Adam"]
[Black "Lang, Simon"]
[Result "0-1"]
[WhiteElo "2040"]
[BlackElo "1506"]
[Annotator "NA"]
[PlyCount "40"]
[EventDate "2019.07.11"]
[EventType "swiss"]
[EventCountry "CZE"]
[SourceTitle "playchess.com"]
[Source "ChessBase"]
[SourceQuality "1"]
[WhiteTeam "France"]
[BlackTeam "Czech Republic"]
[WhiteTeamCountry "FRA"]
[BlackTeamCountry "CZE"]
[TimeControl "40/5400+30:1800+30"]

1. d4 e6 {[%emt 0:00:13]} 2. e4 d5 {[%emt 0:01:05]} 3. Nd2 {[%emt 0:00:04]} Nf6 {[%emt 0:01:25]} 4. e5 {[%emt 0:00:12]} Nfd7 {[%emt 0:01:46]} 5. Ngf3 {[%emt 0:00:08]} c5 {[%emt 0:01:13]} 6. c3 {[%emt 0:00:08]} Nc6 {[%emt 0:01:33]} 7. Bd3 {[%emt 0:00:05]} Be7 {[%emt 0:02:31]} 8. O-O {[%emt 0:01:15]} f6 {[%emt 0:04:26]} 9. exf6 {[%emt 0:03:39]} Nxf6 {[%emt 0:02:45]} 10. Re1 {[%emt 0:02:24]} O-O {[%emt 0:03:10]} 11. Nf1 {[%emt 0:01:00]} Qb6 {[%emt 0:06:15]} 12. Ng3 {[%emt 0:09:25]} Bd7 {[%emt 0:05:39]} 13. Rb1 {[%emt 0:19:01]} Rae8 {[%emt 0:08:01]} 14. Ne5 {[%emt 0:08:52]} cxd4 {[%emt 0:00:31]} 15. Nxd7 {[%emt 0:00:55]} Nxd7 {[%emt 0:07:01]} 16. Rxe6 Nde5 {[%emt 0:02:12]} 17. Bc2 {[%emt 0:10:26]} d3 18. Bxd3 {[%emt 0:06:19]} Qxf2+ {[%emt 0:00:54]} 19. Kh1 {[%emt 0:00:01]} Nxd3 {[%emt 0:01:42]} 20. Be3 {[%emt 0:09:20]} Qxe3 {[%emt 0:01:23]} 0-1

[Event "EYTCC U12 Open 2019"]
[Site "Pardubice"]
[Date "2019.07.17"]
[Round "7.12"]
[White "Buchta, Bartolomej"]
[Black "Bat, Bilguun"]
[Result "0-1"]
[WhiteElo "1585"]
[BlackElo "2093"]
[Annotator "NA"]
[PlyCount "52"]
[EventDate "2019.07.11"]
[EventType "swiss"]
[EventCountry "CZE"]
[SourceTitle "playchess.com"]
[Source "ChessBase"]
[SourceQuality "1"]
[WhiteTeam "Czech Republic"]
[BlackTeam "France"]
[WhiteTeamCountry "CZE"]
[BlackTeamCountry "FRA"]
[TimeControl "40/5400+30:1800+30"]

1. e4 c5 2. Nf3 {[%emt 0:00:00]} d6 {[%emt 0:00:00]} 3. d4 {[%emt 0:00:00]} cxd4 {[%emt 0:00:00]} 4. Nxd4 {[%emt 0:00:00]} Nf6 {[%emt 0:00:00]} 5. Nc3 {[%emt 0:00:01]} a6 {[%emt 0:00:01]} 6. h3 {[%emt 0:00:15]} e6 7. g4 {[%emt 0:00:58]} d5 {[%emt 0:00:19]} 8. e5 {[%emt 0:04:28]} Nfd7 {[%emt 0:00:14]} 9. f4 {[%emt 0:00:21]} Qh4+ {[%emt 0:01:32]} 10. Ke2 {[%emt 0:02:18]} Bc5 {[%emt 0:05:32]} 11. Be3 {[%emt 0:05:27]} Nc6 {[%emt 0:05:04]} 12. Na4 {[%emt 0:05:47]} Bxd4 {[%emt 0:08:53]} 13. Bxd4 {[%emt 0:00:07]} Nxd4+ {[%emt 0:01:43]} 14. Qxd4 {[%emt 0:00:18]} b5 {[%emt 0:00:57]} 15. Nb6 {[%emt 0:03:53]} Rb8 {[%emt 0:01:49]} 16. Nxd7 {[%emt 0:00:27]} Bxd7 {[%emt 0:00:08]} 17. Rg1 {[%emt 0:10:06]} Rc8 {[%emt 0:03:28]} 18. Kd2 {[%emt 0:01:25]} O-O {[%emt 0:17:25]} 19. g5 h5 20. c3 {[%emt 0:27:17]} b4 {[%emt 0:09:22]} 21. Bxa6 {[%emt 0:05:22]} bxc3+ {[%emt 0:00:41]} 22. bxc3 {[%emt 0:00:31]} Ra8 {[%emt 0:01:40]} 23. Bf1 {[%emt 0:06:52]} Rfb8 {[%emt 0:05:24]} 24. a4 {[%emt 0:14:37]} Bxa4 {[%emt 0:11:18]} 25. Rg2 {[%emt 0:05:05]} Rb2+ {[%emt 0:02:12]} 26. Ke3 {[%emt 0:02:25]} Qxh3+ {[%emt 0:00:22]} 0-1